Sports Quiz

Random Sports Quiz
Score 0/25 Timer 05:00
0 Plays Today
Клуб и Позиция Хоккеист % Correct
№8, «Вашингтон», нападающий Александр Овечкин
93.2%
№71, «Атланта», нападающийИлья Ковальчук
87.2%
№20, «Сан Хосе», вратарьЕвгений Набоков
83.8%
№25, «Ак Барс», нападающий Данис Зарипов
81.1%
№95, «Ак Барс», нападающийАлексей Морозов
79.1%
№5, «Ак Барс», защитникИлья Никулин
73.6%
№28, «Вашингтон», нападающий Александр Семин
72.3%
№47, «Салават Юлаев», нападающийАлександр Радулов
66.9%
№52, «Монреаль», защитникАндрей Марков
66.2%
№55, «Динамо» Москва, защитникДаниил Марков
65.5%
№29, «Вашингтон», нападающий Сергей Федоров
62.8%
№61, «Баффало», нападающийМаксим Афиногенов
60.8%
№10, «Атлант», нападающий Сергей Мозякин
60.1%
Клуб и Позиция Хоккеист % Correct
№33, СКА, нападающий Максим Сушинский
58.1%
№42, «Ак Барс», нападающий Сергей Зиновьев
58.1%
№27, «Салават Юлаев», нападающий Алексей Терещенко
50%
№30, «Салават Юлаев», вратарьАлександр Еременко
50%
№7, «Баффало», защитникДмитрий Калинин
37.8%
№51, «Рейнджерс», защитникФедор Тютин
37.8%
№22, ЦСКА защитникКонстантин Корнеев
35.8%
№45, «Салават Юлаев», защитникВиталий Прошкин
35.1%
№37, «Эдмонтон», защитникДенис Гребешков
32.4%
№35, ХК МВД, вратарьМихаил Бирюков
30.4%
№21, СКА, нападающий Константин Горовиков
25.7%
№6, «Лада», защитникДмитрий Воробьев
22.3%
Remove Ads.
Support Sporcle.
Get the best of Sporcle when you Go Orange. This ad-free experience offers more features, more stats, and more fun while also helping to support Sporcle. Thank you for becoming a member.

You're not logged in!

Compare scores with friends on all Sporcle quizzes.
OR
Log In

Sporcle TV

Today on Sporcle TV


Watch our educational content, quiz creation guides, and fun videos on Sporcle TV.

Show Comments

Extras

Created May 18, 2020ReportNominate

Top Quizzes Today


Score Distribution

Paid Content

Your Account Isn't Verified!

In order to create a playlist on Sporcle, you need to verify the email address you used during registration. Go to your Sporcle Settings to finish the process.

Report this User

Report this user for behavior that violates our Community Guidelines.

Details: